000 00363nam a2200133Ia 4500
008 151001s9999||||xx |||||||||||||| ||und||
100 _aदुर्गा - भागवत
245 _aतामिळ लोककथा भाग पहिला
250 _a1
260 _bवरदा बुक्स
260 _c1976
300 _a64
365 _b18
999 _c958943
_d958940